000 03385cam a22004574i 4500
003 PE-LiUPU
005 20250731165418.0
008 151210s2009 pe grm 000 0 spa d
035 _a(Sirsi) a155477
040 _aPE-LiUPU
_bspa
_cPE-LiUPU
_erda
082 0 4 _a234.7
_bCh76 T3
099 _aTT 3
_bCH76 2009
100 1 _aChoroco Cárdenas, Víctor Augusto
_eautor
245 1 _aAnálisis del diálogo ecuménico entre Católicos Romanos y Luteranos sobre el Tema de la Justificación entre los años 1980 y 2000 /
_cVíctor Augusto Choroco Cárdenas.
264 0 _c2009.
300 _a128 hojas
_c30 cm
336 _atext
_2rdacontent
337 _aunmediated
_2rdamedia
338 _avolume
_2rdacarrier
502 _aTesis
_b(Mg.) --
_cUniversidad Peruana Unión,
_d2009.
504 _aIncluye Bibliografía.
520 3 _aEl método de estudio que se sigue en esta investigación es el histórico documental. De este modo se evalúan los conceptos teológicos en torno a la justificación encontrados en los documentos resultantes de los diálogos ecuménicos entre católicos romanos y luteranos producidos entre los años 1980 y 2000. Se recurre tanto fuentes primarias así como a fuentes secundarias. El objetivo del presente estudio es analizar y evaluar los conceptos teológicos inmersos en el tema de la justificación encontrados en los documentos resultantes de los diálogos ecuménicos y sostenidos por católicos romanos y luteranos entre los años 1980 y 2000. El 31 de octubre de 1517 marca un hito en la historia del cristianismo: Martín Lutero expuso sus principales ideas acerca de la iglesia y la salvación en 95 tesis, donde se contrastan conceptos que la Iglesia Católica había enunciado durante siglos. Luego de casi cinco siglos de separación y mutuas persecuciones encontramos un acercamiento importante sobre la base del mismo tema que fue motivo de dicho distanciamiento: La justificación. Es así como el 31 de octubre de 1999, en Augsburgo, Alemania, representantes de la Federación Mundial Luterana y de la Iglesia Católica Romana firmaron formal y oficialmente la Joint Declaratión on the Doctrine of Justification (JDDJ). Acerca de este acercamiento católico romano-luterano, Alister McGrath llega a una conclusión parecida a la que arribó Hans Kung: "Teológicamente, tanto los protestantes como los católicos romanos, con variantes menores, creen las mismas cosas respecto del rol activo de Dios al iniciar y al sostener la vida cristiana. Las conversaciones y acciones expresadas en los documentos ecuménicos firmados por católicos romanos y luteranos entre los años 1980 y 2000 parecen mostrar el marcado interés que tienen ambas denominaciones en lograr la reunificación, luego de casi cinco siglos de separación y controversia doctrinal.
526 _aSEG44
526 _aSEG26
526 _aP151
526 _aP150
526 _aP149
526 _aP146
526 _aP145
526 _aP126
526 _aP125
526 _aP92
526 _aP75
526 _aP74
526 _aP27
526 _aP15
650 1 4 _aJustificación
_xIglesia católica e Iglesia luterana
_vTesis.
596 _a1
942 _2ddc
_cTESIS
999 _aTT 3 CH76 2009
_wALPHANUM
_c8154
_iT01155
_lCCODEBUL3
_mBUL
_r1
_sY
_tTESIS
_u2015-12-10
_xPOSGRADO
_PP85
_o.STAFF. Tesis
_d8154
980 _81
_gALBERTO SANCHEZ Responsable de Automatización